|
|
|
|
| LEADER |
00000nam a22000007a 4500 |
| 005 |
20160621191145.0 |
| 007 |
cr|||| ||u| |
| 008 |
160621s2016 sp ||||| |||| 00||0 spa d |
| 020 |
|
|
|a 978-84-9085-663-5
|
| 035 |
|
|
|a 14319
|
| 040 |
|
|
|a vLex
|
| 090 |
|
|
|c 6201
|d 6201
|
| 100 |
1 |
|
|a Fayos Gard,̤ Antonio
|
| 245 |
1 |
0 |
|a Curso de Introduccin̤ al Derecho Sanitario. Grado en Enfermera̕ - 1ð
|h [Recuro electronico] /
|c Antonio Fayos Gard̤
|
| 256 |
|
|
|a Servicio en linea
|
| 260 |
|
|
|a Espaą
|b Dykinson
|c 2016
|
| 300 |
|
|
|a 1 recurso electronico (5® Edicin̤)
|
| 506 |
1 |
|
|a Contenido solo disponible en los productos indicados
|d vLex Global (Academic Edition, Law Schools)
|d vLex Global (Academic Edition, excluding Law Schools)
|d vLex Global (U.S. Academic Edition, Law Schools)
|d vLex Global (U.S. Academic Edition, excluding Law Schools)
|d vLex Global (Academic Edition, Law Schools)
|
| 650 |
0 |
4 |
|a Derecho sanitario
|z Public health laws
|
| 740 |
0 |
|
|a vLex libros (servcio en linea)
|
| 856 |
4 |
0 |
|u http://vlex.com/source/curso-introduccion-derecho-sanitario-14319
|z Acceso restringido
|
| 942 |
|
|
|c BOOK
|
| 999 |
0 |
|
|a Public health laws
|b Spain
|